000 00723nas a2200229 4500
001 BR8703626
003 BR-BrBNA
005 20231205090701.0
007 ta
008 230509b bl.|||p| |||| 00| 00por d
040 _aBR-BrBNA
_bpor
_cBiblioteca Nacional de Agricultura
041 _a(Pt)
072 _aL73
110 1 _aInstituto Estadual de Saude Animal, Belo Horizonte, MG (Brasil)
_96338
245 1 _aIESA/MG vacina 165.884. Animais contra a raiva [Instituto Estadual de Saude Animal, Minas Gerais]
650 _aRAIVA
650 _aVACINA
650 _aMINAS GERAIS
773 0 _tIESACAO (Brazil)
_x
_g(Oct 1980), (no. 4) p. 5
_wBR8703626
909 _a202311
_bLúcia
_c55
_dLúcia Elande
942 _2AGRIS
_n0
_cANA
999 _c120244
_d120244